Bayer 04 Leverkusen Meister Quiz #4 - Statistiken

Allgemein
  • Dieses Quiz wurde 58 mal gespielt
    42 seit der letzten Aktualisierung
  • Das Durchschnittsergebnis liegt bei 4 aus 7
Antwortstatistiken
# Tore Fußball-Club % Korrekt
2 FC Bayern München
91%
3 VfB Stuttgart
79%
2 Borussia Dortmund
76%
4 RB Leipzig
73%
3 TSG 1899 Hoffenheim
52%
3 SC Freiburg
36%
2 1. FC Heidenheim
33%
Keine übereinstimmenden Quizze gefunden
Verteilung der Resultate
Anzahl Personen mit jedem Resultat
Perzentil nach korrekt beantworteten Fragen
Ihre Resultats-Entwicklung
Sie haben dieses Quiz seit der letzten Aktualisierung nicht gespielt